Detenciones policiales ilegales y arbitrarias en la jurisprudencia de la Cámara Nacional de Casación Penal 1994-2007 : (Record no. 10019)

MARC details
000 -LEADER
fixed length control field 02841nam a22004817a 4500
003 - CONTROL NUMBER IDENTIFIER
control field AR-FvUNAJ
005 - DATE AND TIME OF LATEST TRANSACTION
control field 20231109165557.0
008 - FIXED-LENGTH DATA ELEMENTS--GENERAL INFORMATION
fixed length control field 231109b ||||| |||| 00| 0 spa d
020 ## - INTERNATIONAL STANDARD BOOK NUMBER
International Standard Book Number 978-987-1397-52-5
040 ## - CATALOGING SOURCE
Transcribing agency AR-FvUNAJ
082 14 - DEWEY DECIMAL CLASSIFICATION NUMBER
Edition number 14
Classification number 363.4
100 1# - MAIN ENTRY--PERSONAL NAME
9 (RLIN) 19738
Personal name Martín, Adrián Norberto
245 10 - TITLE STATEMENT
Title Detenciones policiales ilegales y arbitrarias en la jurisprudencia de la Cámara Nacional de Casación Penal 1994-2007 :
Remainder of title sobre las improntas del Estado de policía en la agencia judicial /
Statement of responsibility, etc Adrián Norberto Martín ; con prólogo de Luis Fernando Niño
260 ## - PUBLICATION, DISTRIBUTION, ETC. (IMPRINT)
Place of publication, distribution, etc Ciudad Autónoma de Buenos Aires :
Name of publisher, distributor, etc Del Puerto,
Date of publication, distribution, etc 2010.
300 ## - PHYSICAL DESCRIPTION
Extent 447 p.
504 ## - BIBLIOGRAPHY, ETC. NOTE
Bibliography, etc Incluye bibliografía (p. 439-447)
505 20 - FORMATTED CONTENTS NOTE
Title Primera parte.
505 20 - FORMATTED CONTENTS NOTE
Title Capítulo I. Algunas notas sobre el Estado, el derecho y la agencia policial.
505 20 - FORMATTED CONTENTS NOTE
Title Capítulo II. Organización política de la Argentina. Policías y jueces.
505 20 - FORMATTED CONTENTS NOTE
Title Capítulo III. Ideologías cruzadas y lugar de la agencia judicial.
505 20 - FORMATTED CONTENTS NOTE
Title Capítulo IV. Reglas constitucionales que condicionan la posibilidad de restringir el derecho a la libertad ambulatoria.
505 20 - FORMATTED CONTENTS NOTE
Title Capítulo V. Reglas legales que autorizan la intercepción de personas en el espacio público.
505 20 - FORMATTED CONTENTS NOTE
Title Segunda parte.
505 20 - FORMATTED CONTENTS NOTE
Title Capítulo I. La jurisprudencia de la Corte Suprema en materia procesal penal hasta el año 1994.
505 20 - FORMATTED CONTENTS NOTE
Title Capítulo II. "Daray", el último acorde para una década sombría.
505 20 - FORMATTED CONTENTS NOTE
Title Capítulo III. Año 1998, la Corte aporta su primera trilogía y los derechos se achicaron.
505 20 - FORMATTED CONTENTS NOTE
Title Capítulo IV. La Corte y una segunda trilogía reforzó la línea restrictiva de derechos.
505 20 - FORMATTED CONTENTS NOTE
Title Capítulo V. Presagios del retorno a los estándares del caso "Daray".
505 20 - FORMATTED CONTENTS NOTE
Title Tercera parte.
505 20 - FORMATTED CONTENTS NOTE
Title Capítulo I. El periodo fundacional dejó como legado la interpretación restringida de derechos (1994-1996).
505 20 - FORMATTED CONTENTS NOTE
Title Capítulo II. Líneas inconciliables en tres años de la Sala I (1997-1999).
505 20 - FORMATTED CONTENTS NOTE
Title Capítulo III. Tres años en las otras tres Salas (1997-1999).
505 20 - FORMATTED CONTENTS NOTE
Title Capítulo IV. El período de la consolidación. La tormenta llegó y no sorprendió a nadie (2000-2004).
505 20 - FORMATTED CONTENTS NOTE
Title Capítulo V. Los años recientes : ¿vientos de cambio o sólo remolinos?.
505 20 - FORMATTED CONTENTS NOTE
Title Cuarta Parte. Un emergente paradigmático : los "procedimientos policiales fraguados".
505 20 - FORMATTED CONTENTS NOTE
Title Quinta parte. Algunas conclusiones sobre las implicancias jurídico-políticas de las reglas que autorizan prácticas policiales de control poblacional.
650 27 - SUBJECT ADDED ENTRY--TOPICAL TERM
Source of heading or term unescot
9 (RLIN) 2982
Topical term or geographic name as entry element POLICIA
650 24 - SUBJECT ADDED ENTRY--TOPICAL TERM
9 (RLIN) 7148
Topical term or geographic name as entry element ACCIONAR POLICIAL
650 24 - SUBJECT ADDED ENTRY--TOPICAL TERM
9 (RLIN) 2970
Topical term or geographic name as entry element DERECHO PENAL
650 14 - SUBJECT ADDED ENTRY--TOPICAL TERM
9 (RLIN) 9076
Topical term or geographic name as entry element SISTEMA PENAL
942 ## - ADDED ENTRY ELEMENTS (KOHA)
Source of classification or shelving scheme Dewey Decimal Classification
Koha item type Libro, folleto, traducción
980 ## - EQUIVALENCE OR CROSS-REFERENCE-SERIES STATEMENT--PERSONAL NAME/TITLE [LOCAL, CANADA]
Linkage 21566
Personal name Miranda Raldes
Field link and sequence number 21567
Miscellaneous information Villalba
Holdings
Withdrawn status Lost status Source of classification or shelving scheme Damaged status Not for loan Home library Current library Date acquired Source of acquisition Full call number Barcode Date last seen Price effective from Koha item type
    Dewey Decimal Classification     Biblioteca Central DEPOSITO 09/11/2023 Donación 363.4 MAR UNAJ23110049 17/03/2025 09/11/2023 Libro, folleto, traducción

Lunes a Viernes 8:30 a 19:00 hs. Cerrado por mudanza
Av.Calchaqui 6200 Florencio Varela (CP188) 2°piso Edificio Mosconi Aula 209-210
Mail: bibliotecacentralunaj@gmail.com  
Whatsapp(54 9)1122668024    ❔Pregunte a la bibliotecaria
© Universidad Nacional Arturo Jauretche | Secretaría Académica | Biblioteca Central UNAJ